[Event "DVM U10 2023"]
[Site "Magdeburg GER"]
[Date "2023.12.29"]
[Round "7"]
[White "Sun, Christopher"]
[Black "Berger, Friedrich Richard"]
[Result "1-0"]
[Termination "normal"]
[Board "3.1"]
[WhiteElo "1417"]
[BlackElo "1496"]
[WhiteClock "00:01:50"]
[BlackClock "00:00:31"]
[WhiteTeam "Karlsruher SF 1853"]
[BlackTeam "TSG Oberschöneweide"]
[PlyCount "108"]
[WhiteFideId "34630368"]
[BlackFideId "34663169"]
[EventCountry "GER"]
[EventRounds "7"]
[EventType "team-swiss"]
[EventDate "2023.12.27"]

1. e4 {[%clk 00:55:09]} e5 {[%clk 00:55:09]} {[%emt 00:00:01]} 2. Nf3 {[%clk
00:55:09]} {[%emt 00:00:06]} Nc6 {[%clk 00:55:11]} {[%emt 00:00:03]} 3. Bb5
{[%clk 00:55:10]} {[%emt 00:00:04]} a6 {[%clk 00:55:12]} {[%emt 00:00:05]} 4.
Ba4 {[%clk 00:55:12]} {[%emt 00:00:02]} Nf6 {[%clk 00:55:12]} {[%emt 00:00:05]}
5. O-O {[%clk 00:55:11]} {[%emt 00:00:06]} b5 {[%clk 00:55:02]} {[%emt
00:00:15]} 6. Bb3 {[%clk 00:55:09]} {[%emt 00:00:07]} Bc5 {[%clk 00:54:58]}
{[%emt 00:00:08]} 7. d3 {[%emt 00:02:15]} d6 {[%emt 00:00:30]} 8. h3 {[%clk
00:53:08]} {[%emt 00:00:26]} h6 {[%clk 00:53:47]} {[%emt 00:00:23]} 9. c3
{[%clk 00:52:21]} {[%emt 00:00:51]} O-O {[%clk 00:51:50]} {[%emt 00:02:02]} 10.
Re1 {[%clk 00:50:50]} {[%emt 00:01:36]} Be6 {[%clk 00:50:23]} {[%emt 00:01:32]}
11. Bc2 {[%clk 00:50:22]} {[%emt 00:00:33]} Bb6 {[%clk 00:49:45]} {[%emt
00:00:43]} 12. Nbd2 {[%clk 00:48:58]} {[%emt 00:01:28]} Ne7 {[%clk 00:48:20]}
{[%emt 00:01:30]} 13. Nf1 {[%clk 00:47:41]} {[%emt 00:01:22]} Ng6 {[%clk
00:46:47]} {[%emt 00:01:39]} 14. Ng3 {[%clk 00:44:41]} {[%emt 00:03:05]} Qd7
{[%clk 00:45:44]} {[%emt 00:01:08]} 15. Be3 {[%clk 00:41:53]} {[%emt 00:02:52]}
Bxe3 {[%clk 00:40:15]} {[%emt 00:05:34]} 16. Rxe3 {[%clk 00:40:10]} {[%emt
00:01:48]} Rac8 {[%clk 00:36:27]} {[%emt 00:03:54]} 17. d4 {[%clk 00:37:36]}
{[%emt 00:02:39]} exd4 {[%clk 00:35:18]} {[%emt 00:01:13]} 18. cxd4 {[%clk
00:37:23]} {[%emt 00:00:18]} Qd8 {[%clk 00:32:34]} {[%emt 00:02:51]} 19. Re1
{[%clk 00:27:06]} {[%emt 00:10:20]} Re8 {[%clk 00:28:26]} {[%emt 00:04:13]} 20.
Qd2 {[%clk 00:25:00]} {[%emt 00:02:11]} c5 {[%clk 00:23:55]} {[%emt 00:04:36]}
21. d5 {[%clk 00:20:52]} {[%emt 00:04:13]} Bd7 {[%clk 00:23:43]} {[%emt
00:00:18]} 22. Nf5 {[%clk 00:19:41]} {[%emt 00:01:13]} Bxf5 {[%clk 00:23:02]}
{[%emt 00:00:48]} 23. exf5 {[%clk 00:19:32]} {[%emt 00:00:14]} Ne5 {[%clk
00:20:47]} {[%emt 00:02:21]} 24. Nxe5 {[%clk 00:18:30]} {[%emt 00:01:06]} dxe5
{[%clk 00:19:58]} {[%emt 00:00:55]} 25. Rad1 {[%clk 00:17:56]} {[%emt
00:00:38]} Qd6 {[%clk 00:19:02]} {[%emt 00:01:01]} 26. f3 {[%clk 00:15:42]}
{[%emt 00:02:19]} Rc7 {[%clk 00:17:50]} {[%emt 00:01:18]} 27. Be4 {[%clk
00:14:51]} {[%emt 00:00:56]} Rd7 {[%clk 00:17:36]} {[%emt 00:00:19]} 28. Qc3
{[%clk 00:12:15]} {[%emt 00:02:40]} c4 {[%clk 00:15:26]} {[%emt 00:02:16]} 29.
Re2 {[%clk 00:11:02]} {[%emt 00:01:17]} Qc5+ {[%clk 00:15:12]} {[%emt
00:00:20]} 30. Kh1 {[%clk 00:10:26]} {[%emt 00:00:40]} Nxd5 {[%clk 00:14:05]}
{[%emt 00:01:12]} 31. Qa5 {[%clk 00:08:52]} {[%emt 00:01:39]} Qb6 {[%clk
00:12:32]} {[%emt 00:01:39]} 32. Qxb6 {[%clk 00:07:43]} {[%emt 00:01:14]} Nxb6
{[%clk 00:12:32]} {[%emt 00:00:05]} 33. Rxd7 {[%clk 00:07:09]} {[%emt
00:00:39]} Nxd7 {[%clk 00:12:30]} {[%emt 00:00:07]} 34. Bc6 {[%clk 00:06:51]}
{[%emt 00:00:23]} Re7 {[%clk 00:12:12]} {[%emt 00:00:23]} 35. f4 {[%clk
00:05:35]} {[%emt 00:01:21]} f6 {[%clk 00:11:13]} {[%emt 00:01:04]} 36. Rd2
{[%clk 00:04:30]} {[%emt 00:01:10]} Nb6 {[%clk 00:09:03]} {[%emt 00:02:15]} 37.
Rd8+ {[%clk 00:04:15]} {[%emt 00:00:19]} Kh7 {[%clk 00:05:55]} {[%emt
00:03:14]} 38. Be8 {[%clk 00:03:52]} {[%emt 00:00:27]} Rxe8 {[%clk 00:03:16]}
{[%emt 00:02:45]} 39. Rxe8 {[%clk 00:03:55]} {[%emt 00:00:02]} exf4 {[%clk
00:03:12]} {[%emt 00:00:09]} 40. Re6 {[%clk 00:03:28]} {[%emt 00:00:32]} Na4
{[%clk 00:03:12]} {[%emt 00:00:05]} 41. b3 {[%clk 00:03:12]} {[%emt 00:00:21]}
cxb3 {[%clk 00:03:15]} {[%emt 00:00:01]} 42. axb3 {[%clk 00:03:16]} {[%emt
00:00:02]} Nc5 {[%clk 00:03:19]} {[%emt 00:00:01]} 43. Rc6 {[%clk 00:03:12]}
{[%emt 00:00:05]} Nxb3 {[%clk 00:03:19]} {[%emt 00:00:09]} 44. Rxa6 {[%clk
00:03:13]} {[%emt 00:00:03]} Nd4 {[%clk 00:03:19]} {[%emt 00:00:06]} 45. Rb6
{[%clk 00:03:02]} {[%emt 00:00:15]} Nxf5 {[%clk 00:03:19]} {[%emt 00:00:06]}
46. Rxb5 {[%clk 00:03:06]} Kg6 {[%emt 00:00:03]} 47. Kg1 {[%clk 00:02:45]}
{[%emt 00:00:24]} Nh4 {[%clk 00:02:48]} {[%emt 00:00:39]} 48. Kf2 {[%clk
00:02:36]} {[%emt 00:00:14]} h5 {[%clk 00:02:42]} {[%emt 00:00:11]} 49. Rb4
{[%clk 00:02:26]} {[%emt 00:00:15]} Kg5 {[%clk 00:02:40]} {[%emt 00:00:08]} 50.
Rb5+ {[%clk 00:02:09]} {[%emt 00:00:22]} f5 {[%clk 00:02:34]} {[%emt 00:00:11]}
51. Rb7 {[%clk 00:02:04]} {[%emt 00:00:10]} g6 {[%clk 00:01:54]} {[%emt
00:00:45]} 52. Rf7 {[%clk 00:01:58]} {[%emt 00:00:10]} Kh6 {[%clk 00:01:11]}
{[%emt 00:00:49]} 53. Rb7 {[%clk 00:01:57]} {[%emt 00:00:05]} Kg5 {[%clk
00:01:14]} {[%emt 00:00:02]} 54. Rb4 {[%clk 00:01:50]} {[%emt 00:00:12]} f3
{[%clk 00:00:31]} {[%emt 00:00:49]} *

[Event "DVM U10 2023"]
[Site "Magdeburg GER"]
[Date "2023.12.29"]
[Round "7"]
[White "Varazi, Maxime"]
[Black "Liu, Kairui"]
[Result "1-0"]
[Termination "normal"]
[Board "3.2"]
[WhiteElo "1127"]
[BlackElo "1192"]
[WhiteClock "00:22:41"]
[BlackClock "00:20:47"]
[WhiteTeam "TSG Oberschöneweide"]
[BlackTeam "Karlsruher SF 1853"]
[PlyCount "117"]
[WhiteFideId "34618929"]
[BlackFideId "34660534"]
[EventCountry "GER"]
[EventRounds "7"]
[EventType "team-swiss"]
[EventDate "2023.12.27"]

1. e4 {[%clk 00:55:09]} e5 {[%clk 00:55:06]} {[%emt 00:00:05]} 2. Nf3 {[%clk
00:55:08]} {[%emt 00:00:06]} Nc6 {[%clk 00:55:04]} {[%emt 00:00:06]} 3. d4
{[%clk 00:55:11]} {[%emt 00:00:02]} exd4 {[%clk 00:55:04]} {[%emt 00:00:06]} 4.
Bc4 {[%clk 00:55:13]} {[%emt 00:00:03]} Bb4+ {[%clk 00:55:03]} {[%emt
00:00:06]} 5. c3 {[%clk 00:55:14]} {[%emt 00:00:04]} dxc3 {[%clk 00:54:51]}
{[%emt 00:00:16]} 6. O-O {[%clk 00:55:09]} {[%emt 00:00:10]} Nf6 {[%clk
00:54:38]} {[%emt 00:00:18]} 7. e5 {[%clk 00:54:53]} {[%emt 00:00:21]} d5
{[%clk 00:54:22]} {[%emt 00:00:21]} 8. exf6 {[%clk 00:54:47]} {[%emt 00:00:11]}
dxc4 {[%clk 00:54:21]} {[%emt 00:00:07]} 9. fxg7 {[%clk 00:54:36]} {[%emt
00:00:16]} Rg8 {[%clk 00:54:08]} {[%emt 00:00:17]} 10. Qe2+ {[%clk 00:54:12]}
{[%emt 00:00:29]} Be6 {[%clk 00:53:39]} {[%emt 00:00:34]} 11. a3 {[%clk
00:53:41]} {[%emt 00:00:36]} Ba5 {[%clk 00:51:11]} {[%emt 00:02:33]} 12. b4
{[%clk 00:53:36]} {[%emt 00:00:10]} cxb3 {[%clk 00:51:10]} {[%emt 00:00:06]}
13. Bg5 {[%clk 00:51:50]} {[%emt 00:01:52]} Qd5 {[%clk 00:50:10]} {[%emt
00:01:05]} 14. Nxc3 {[%clk 00:50:17]} {[%emt 00:01:37]} Bxc3 {[%clk 00:49:53]}
{[%emt 00:00:23]} 15. Rad1 {[%clk 00:50:08]} {[%emt 00:00:13]} Qc4 {[%clk
00:49:31]} {[%emt 00:00:27]} 16. Rd3 {[%clk 00:50:08]} {[%emt 00:00:05]} b2
{[%clk 00:48:21]} {[%emt 00:01:15]} 17. Rfd1 {[%clk 00:49:36]} {[%emt
00:00:37]} Qa2 {[%emt 00:06:35]} 18. Qe4 {[%clk 00:26:33]} {[%emt 00:23:07]}
b1=Q {[%clk 00:36:25]} {[%emt 00:05:32]} 19. Qxh7 {[%clk 00:26:30]} {[%emt
00:00:08]} f6 {[%clk 00:36:07]} {[%emt 00:00:23]} 20. Qg6+ {[%clk 00:26:14]}
{[%emt 00:00:20]} Bf7 {[%clk 00:34:40]} {[%emt 00:01:34]} 21. Re3+ {[%clk
00:26:01]} {[%emt 00:00:17]} Ne5 {[%clk 00:33:53]} {[%emt 00:00:52]} 22. Qxb1
{[%clk 00:25:33]} {[%emt 00:00:33]} Qxb1 {[%clk 00:33:40]} {[%emt 00:00:19]}
23. Rxb1 {[%clk 00:25:33]} {[%emt 00:00:04]} Ba5 {[%clk 00:32:38]} {[%emt
00:01:07]} 24. Nxe5 {[%clk 00:25:29]} {[%emt 00:00:09]} fxe5 {[%clk 00:32:19]}
{[%emt 00:00:25]} 25. Rxe5+ {[%clk 00:25:29]} {[%emt 00:00:04]} Kd7 {[%clk
00:31:55]} {[%emt 00:00:30]} 26. Rxa5 {[%clk 00:25:29]} {[%emt 00:00:05]} Rxg7
{[%clk 00:30:51]} {[%emt 00:01:08]} 27. Bf4 {[%clk 00:25:29]} {[%emt 00:00:05]}
Re8 {[%clk 00:30:16]} {[%emt 00:00:40]} 28. Rxa7 {[%clk 00:25:15]} {[%emt
00:00:19]} Bd5 {[%clk 00:29:26]} {[%emt 00:00:55]} 29. Bg3 {[%clk 00:25:05]}
{[%emt 00:00:16]} Rge7 {[%clk 00:29:10]} {[%emt 00:00:20]} 30. f3 {[%clk
00:24:56]} {[%emt 00:00:14]} Re2 {[%clk 00:28:04]} {[%emt 00:01:12]} 31. Rd1
{[%clk 00:24:51]} {[%emt 00:00:10]} Kc6 {[%clk 00:27:39]} {[%emt 00:00:30]} 32.
Ra4 {[%clk 00:24:22]} {[%emt 00:00:33]} Rc2 {[%clk 00:25:56]} {[%emt 00:01:49]}
33. Rad4 {[%clk 00:23:59]} {[%emt 00:00:28]} Bb3 {[%clk 00:25:25]} {[%emt
00:00:35]} 34. Rd7 {[%clk 00:23:34]} {[%emt 00:00:30]} Ree2 {[%clk 00:24:57]}
{[%emt 00:00:34]} 35. Rxc7+ {[%clk 00:23:26]} {[%emt 00:00:13]} Kb6 {[%clk
00:24:39]} {[%emt 00:00:23]} 36. Rxc2 {[%clk 00:23:25]} {[%emt 00:00:05]} Rxc2
{[%clk 00:24:28]} {[%emt 00:00:17]} 37. Rb1 {[%clk 00:23:18]} {[%emt 00:00:11]}
Rc3 {[%clk 00:24:06]} {[%emt 00:00:27]} 38. Be5 {[%clk 00:23:16]} {[%emt
00:00:08]} Rd3 {[%clk 00:23:56]} {[%emt 00:00:15]} 39. Kf2 {[%clk 00:23:11]}
{[%emt 00:00:10]} Kc6 {[%clk 00:23:30]} {[%emt 00:00:30]} 40. Kg3 {[%clk
00:23:07]} {[%emt 00:00:09]} Be6 {[%clk 00:23:16]} {[%emt 00:00:19]} 41. Re1
{[%clk 00:22:44]} {[%emt 00:00:28]} Rxa3 {[%clk 00:22:56]} {[%emt 00:00:25]}
42. Bb2 {[%clk 00:22:42]} {[%emt 00:00:07]} Ra2 {[%clk 00:21:58]} {[%emt
00:01:03]} 43. Rxe6+ {[%clk 00:22:42]} {[%emt 00:00:06]} Kd5 {[%clk 00:21:58]}
{[%emt 00:00:05]} 44. Re2 {[%clk 00:22:41]} {[%emt 00:00:05]} b5 {[%clk
00:21:55]} {[%emt 00:00:08]} 45. h4 {[%clk 00:22:40]} {[%emt 00:00:06]} b4
{[%clk 00:21:57]} {[%emt 00:00:03]} 46. h5 {[%clk 00:22:41]} {[%emt 00:00:04]}
b3 {[%clk 00:21:56]} {[%emt 00:00:06]} 47. h6 {[%clk 00:22:41]} {[%emt
00:00:05]} Kc4 {[%clk 00:21:53]} {[%emt 00:00:08]} 48. h7 {[%clk 00:22:39]}
{[%emt 00:00:07]} Kd3 {[%clk 00:21:54]} {[%emt 00:00:04]} 49. Rf2 {[%clk
00:22:38]} {[%emt 00:00:06]} Ra8 {[%clk 00:21:40]} {[%emt 00:00:19]} 50. h8=Q
{[%clk 00:22:37]} {[%emt 00:00:06]} Rxh8 {[%clk 00:21:39]} {[%emt 00:00:06]}
51. Bxh8 {[%clk 00:22:37]} {[%emt 00:00:04]} Kc4 {[%clk 00:21:24]} {[%emt
00:00:21]} 52. f4 {[%clk 00:22:39]} {[%emt 00:00:04]} b2 {[%clk 00:21:21]}
{[%emt 00:00:07]} 53. Rxb2 {[%clk 00:22:37]} {[%emt 00:00:06]} Kd5 {[%clk
00:21:19]} {[%emt 00:00:08]} 54. f5 {[%clk 00:22:38]} {[%emt 00:00:05]} Kc6
{[%clk 00:21:10]} {[%emt 00:00:13]} 55. f6 {[%clk 00:22:39]} {[%emt 00:00:04]}
Kd6 {[%clk 00:21:01]} {[%emt 00:00:15]} 56. f7 {[%clk 00:22:39]} {[%emt
00:00:04]} Ke7 {[%clk 00:21:02]} {[%emt 00:00:05]} 57. Rf2 {[%clk 00:22:41]}
{[%emt 00:00:03]} Kf8 {[%clk 00:20:53]} {[%emt 00:00:14]} 58. Bg7+ {[%clk
00:22:41]} {[%emt 00:00:05]} Kxg7 {[%clk 00:20:47]} {[%emt 00:00:10]} 59. f8=Q+
{[%clk 00:22:41]} {[%emt 00:00:06]} 1-0

[Event "DVM U10 2023"]
[Site "Magdeburg GER"]
[Date "2023.12.29"]
[Round "7"]
[White "Tomovski, Leon"]
[Black "Hantke, Florian"]
[Result "0-1"]
[Termination "normal"]
[Board "3.3"]
[WhiteElo "1066"]
[BlackElo "1095"]
[WhiteClock "00:36:54"]
[BlackClock "00:36:27"]
[WhiteTeam "Karlsruher SF 1853"]
[BlackTeam "TSG Oberschöneweide"]
[PlyCount "134"]
[WhiteFideId "34691790"]
[BlackFideId "34638962"]
[EventCountry "GER"]
[EventRounds "7"]
[EventType "team-swiss"]
[EventDate "2023.12.27"]

1. e4 {[%clk 00:55:10]} {[%emt 00:00:28]} e5 {[%clk 00:54:50]} {[%emt
00:00:20]} 2. Nf3 {[%clk 00:55:09]} {[%emt 00:00:06]} Nc6 {[%clk 00:54:37]}
{[%emt 00:00:19]} 3. Bb5 {[%clk 00:55:05]} {[%emt 00:00:09]} a6 {[%clk
00:54:25]} {[%emt 00:00:17]} 4. Ba4 {[%clk 00:55:02]} {[%emt 00:00:08]} b5
{[%clk 00:54:24]} {[%emt 00:00:05]} 5. Bb3 {[%clk 00:55:01]} {[%emt 00:00:07]}
Nf6 {[%clk 00:54:13]} {[%emt 00:00:15]} 6. Nc3 {[%clk 00:55:00]} {[%emt
00:00:07]} Bb4 {[%clk 00:53:20]} {[%emt 00:00:57]} 7. d3 {[%clk 00:54:53]}
{[%emt 00:00:12]} d6 {[%clk 00:53:17]} {[%emt 00:00:09]} 8. a3 {[%clk
00:54:50]} {[%emt 00:00:08]} Ba5 {[%clk 00:53:15]} {[%emt 00:00:07]} 9. h3
{[%clk 00:54:35]} {[%emt 00:00:19]} h6 {[%clk 00:53:13]} {[%emt 00:00:07]} 10.
O-O {[%clk 00:54:25]} {[%emt 00:00:16]} O-O {[%clk 00:52:43]} {[%emt 00:00:35]}
11. Nd5 {[%clk 00:54:21]} {[%emt 00:00:09]} Nxd5 12. Bxd5 {[%clk 00:54:18]} Bb7
{[%clk 00:52:21]} {[%emt 00:00:19]} 13. Nd2 {[%clk 00:54:02]} {[%emt 00:00:21]}
Rb8 {[%clk 00:52:14]} {[%emt 00:00:13]} 14. Nb3 {[%clk 00:53:57]} {[%emt
00:00:10]} Bb6 {[%clk 00:51:43]} {[%emt 00:00:36]} 15. Qg4 {[%clk 00:53:39]}
{[%emt 00:00:22]} Qf6 {[%clk 00:51:01]} {[%emt 00:00:47]} 16. Bd2 {[%clk
00:53:14]} {[%emt 00:00:30]} Nd4 {[%clk 00:50:48]} {[%emt 00:00:19]} 17. Bxb7
{[%clk 00:52:02]} {[%emt 00:01:17]} Rxb7 {[%clk 00:50:48]} {[%emt 00:00:04]}
18. Nxd4 {[%clk 00:51:36]} {[%emt 00:00:32]} Bxd4 {[%clk 00:50:48]} {[%emt
00:00:05]} 19. c3 {[%clk 00:51:22]} {[%emt 00:00:18]} Bb6 {[%clk 00:50:42]}
{[%emt 00:00:11]} 20. Rad1 {[%clk 00:51:05]} {[%emt 00:00:22]} a5 {[%clk
00:48:34]} {[%emt 00:02:14]} 21. c4 {[%clk 00:50:35]} {[%emt 00:00:35]} bxc4
{[%clk 00:47:56]} {[%emt 00:00:43]} 22. dxc4 {[%clk 00:50:31]} {[%emt
00:00:09]} Bd4 {[%clk 00:47:38]} {[%emt 00:00:22]} 23. Bxa5 {[%clk 00:49:56]}
{[%emt 00:00:40]} Bxb2 {[%clk 00:47:11]} {[%emt 00:00:32]} 24. Rb1 {[%clk
00:49:38]} {[%emt 00:00:22]} Rfb8 {[%clk 00:47:11]} {[%emt 00:00:06]} 25. Bb4
{[%clk 00:49:32]} {[%emt 00:00:11]} Bc3 {[%clk 00:46:39]} {[%emt 00:00:37]} 26.
Qd7 {[%clk 00:48:10]} {[%emt 00:01:26]} Bxb4 {[%clk 00:45:30]} {[%emt
00:01:15]} 27. axb4 {[%clk 00:48:07]} {[%emt 00:00:08]} Rxb4 {[%clk 00:45:30]}
{[%emt 00:00:05]} 28. Rxb4 {[%clk 00:48:06]} {[%emt 00:00:07]} Rxb4 {[%clk
00:45:31]} {[%emt 00:00:05]} 29. Qxc7 {[%clk 00:47:51]} {[%emt 00:00:19]} Qe6
{[%clk 00:45:13]} {[%emt 00:00:22]} 30. c5 {[%clk 00:47:34]} {[%emt 00:00:23]}
Rc4 {[%clk 00:43:46]} {[%emt 00:01:32]} 31. Qxd6 {[%clk 00:47:28]} {[%emt
00:00:10]} Qxd6 {[%clk 00:43:40]} {[%emt 00:00:12]} 32. cxd6 {[%clk 00:47:27]}
{[%emt 00:00:05]} Rd4 {[%clk 00:43:39]} {[%emt 00:00:06]} 33. f4 {[%clk
00:47:08]} {[%emt 00:00:24]} exf4 {[%clk 00:43:28]} {[%emt 00:00:17]} 34. e5
{[%clk 00:46:56]} {[%emt 00:00:16]} Kf8 {[%clk 00:43:16]} {[%emt 00:00:17]} 35.
Rc1 {[%clk 00:46:41]} {[%emt 00:00:20]} Ke8 {[%clk 00:43:01]} {[%emt 00:00:21]}
36. Rc7 {[%clk 00:46:24]} {[%emt 00:00:22]} f6 {[%clk 00:42:27]} {[%emt
00:00:39]} 37. exf6 {[%clk 00:45:24]} {[%emt 00:01:05]} gxf6 {[%clk 00:42:19]}
{[%emt 00:00:13]} 38. Rh7 {[%clk 00:44:56]} {[%emt 00:00:33]} Rxd6 {[%clk
00:41:44]} {[%emt 00:00:39]} 39. Rxh6 {[%clk 00:44:52]} {[%emt 00:00:09]} Kf7
{[%clk 00:41:45]} {[%emt 00:00:05]} 40. Kf2 {[%clk 00:44:47]} {[%emt 00:00:10]}
Ke6 {[%clk 00:41:43]} {[%emt 00:00:06]} 41. Kf3 {[%clk 00:44:26]} {[%emt
00:00:27]} Kf5 {[%clk 00:41:00]} {[%emt 00:00:48]} 42. Rh5+ {[%clk 00:44:16]}
{[%emt 00:00:14]} Kg6 {[%clk 00:40:57]} {[%emt 00:00:08]} 43. Kxf4 {[%clk
00:44:14]} {[%emt 00:00:08]} Kxh5 {[%clk 00:40:55]} {[%emt 00:00:07]} 44. g3
{[%clk 00:43:13]} {[%emt 00:01:06]} Ra6 {[%clk 00:40:48]} {[%emt 00:00:12]} 45.
Kf5 {[%clk 00:43:11]} {[%emt 00:00:07]} Ra3 {[%clk 00:40:06]} {[%emt 00:00:47]}
46. Kf4 {[%clk 00:42:38]} {[%emt 00:00:37]} f5 {[%clk 00:40:01]} {[%emt
00:00:11]} 47. h4 {[%clk 00:42:30]} {[%emt 00:00:12]} Ra4+ {[%clk 00:39:53]}
{[%emt 00:00:13]} 48. Kf3 {[%clk 00:42:00]} {[%emt 00:00:35]} Rg4 {[%clk
00:39:51]} {[%emt 00:00:08]} 49. Kg2 {[%clk 00:41:36]} {[%emt 00:00:29]} f4
{[%clk 00:39:49]} {[%emt 00:00:06]} 50. Kf2 {[%clk 00:41:23]} {[%emt 00:00:18]}
fxg3+ {[%clk 00:39:45]} {[%emt 00:00:10]} 51. Kg2 {[%clk 00:41:17]} {[%emt
00:00:11]} Rxh4 {[%clk 00:39:40]} {[%emt 00:00:09]} 52. Kxg3 {[%clk 00:40:56]}
{[%emt 00:00:26]} Kg5 {[%clk 00:39:24]} {[%emt 00:00:21]} 53. Kf3 {[%clk
00:40:41]} {[%emt 00:00:20]} Rf4+ {[%clk 00:39:18]} {[%emt 00:00:11]} 54. Ke3
{[%clk 00:40:35]} {[%emt 00:00:12]} Kf5 {[%clk 00:39:16]} {[%emt 00:00:06]} 55.
Kd3 {[%clk 00:40:35]} {[%emt 00:00:05]} Re4 {[%clk 00:39:15]} {[%emt 00:00:07]}
56. Kc3 {[%clk 00:40:12]} {[%emt 00:00:27]} Ke5 {[%clk 00:39:12]} {[%emt
00:00:09]} 57. Kd3 {[%clk 00:39:26]} {[%emt 00:00:50]} Kd5 {[%clk 00:39:12]}
{[%emt 00:00:06]} 58. Kc3 {[%clk 00:39:02]} {[%emt 00:00:29]} Rd4 {[%clk
00:39:10]} {[%emt 00:00:07]} 59. Kb3 {[%clk 00:38:44]} {[%emt 00:00:22]} Rc4
{[%clk 00:39:11]} {[%emt 00:00:04]} 60. Kb2 {[%clk 00:38:34]} {[%emt 00:00:15]}
Kd4 {[%clk 00:37:23]} {[%emt 00:01:54]} 61. Kb3 {[%clk 00:38:26]} {[%emt
00:00:13]} Kd3 {[%clk 00:37:19]} {[%emt 00:00:09]} 62. Kb2 {[%clk 00:38:17]}
{[%emt 00:00:13]} Rc3 {[%clk 00:36:25]} {[%emt 00:01:00]} 63. Kb1 {[%clk
00:38:14]} {[%emt 00:00:08]} Rc2 {[%clk 00:36:22]} {[%emt 00:00:09]} 64. Ka1
{[%clk 00:37:57]} {[%emt 00:00:21]} Rh2 {[%clk 00:36:24]} {[%emt 00:00:03]} 65.
Kb1 {[%clk 00:37:17]} {[%emt 00:00:45]} Kc3 {[%clk 00:36:25]} {[%emt 00:00:04]}
66. Ka1 {[%clk 00:36:57]} {[%emt 00:00:25]} Kb3 {[%clk 00:36:27]} {[%emt
00:00:03]} 67. Kb1 {[%clk 00:36:54]} {[%emt 00:00:08]} Rh1# {[%emt 00:00:04]}
0-1

[Event "DVM U10 2023"]
[Site "Magdeburg GER"]
[Date "2023.12.29"]
[Round "7"]
[White "Le, Nhat Vinh"]
[Black "Liu, Eason"]
[Result "0-1"]
[Termination "normal"]
[Board "3.4"]
[WhiteElo "973"]
[BlackElo "952"]
[WhiteClock "00:33:18"]
[BlackClock "00:45:40"]
[WhiteTeam "TSG Oberschöneweide"]
[BlackTeam "Karlsruher SF 1853"]
[PlyCount "48"]
[BlackFideId "34694250"]
[EventCountry "GER"]
[EventRounds "7"]
[EventType "team-swiss"]
[EventDate "2023.12.27"]

1. e4 {[%clk 00:55:09]} e5 {[%clk 00:55:08]} {[%emt 00:00:03]} 2. Nf3 {[%clk
00:55:06]} {[%emt 00:00:07]} Nc6 {[%clk 00:55:08]} {[%emt 00:00:05]} 3. Bc4
{[%clk 00:55:02]} {[%emt 00:00:09]} Nf6 {[%clk 00:54:55]} {[%emt 00:00:18]} 4.
d3 {[%clk 00:54:55]} {[%emt 00:00:13]} d5 {[%clk 00:54:43]} {[%emt 00:00:17]}
5. exd5 {[%clk 00:53:06]} {[%emt 00:01:53]} Nxd5 {[%clk 00:54:41]} {[%emt
00:00:07]} 6. Bxd5 {[%clk 00:50:02]} {[%emt 00:03:09]} Qxd5 {[%clk 00:54:38]}
7. Nc3 {[%clk 00:49:57]} {[%emt 00:00:18]} Qd8 {[%emt 00:00:48]} 8. Be3 Bg4
{[%clk 00:54:15]} {[%emt 00:00:23]} 9. h3 {[%clk 00:48:19]} {[%emt 00:01:11]}
Bxf3 {[%clk 00:54:15]} {[%emt 00:00:04]} 10. Qxf3 {[%clk 00:48:08]} {[%emt
00:00:17]} Bb4 {[%clk 00:54:11]} {[%emt 00:00:08]} 11. Bd2 {[%clk 00:47:37]}
{[%emt 00:00:37]} O-O {[%clk 00:53:56]} {[%emt 00:00:19]} 12. O-O {[%clk
00:47:22]} {[%emt 00:00:20]} Re8 {[%clk 00:53:50]} {[%emt 00:00:11]} 13. a3
{[%clk 00:47:01]} {[%emt 00:00:27]} Nd4 {[%clk 00:53:20]} {[%emt 00:00:35]} 14.
Qd1 {[%emt 00:03:02]} Bc5 {[%clk 00:51:40]} {[%emt 00:00:26]} 15. Ne4 {[%clk
00:44:07]} {[%emt 00:01:20]} Bd6 {[%clk 00:51:16]} {[%emt 00:00:29]} 16. c3
{[%clk 00:42:59]} {[%emt 00:01:13]} Nc6 {[%clk 00:50:38]} {[%emt 00:00:42]} 17.
Bg5 {[%clk 00:41:42]} {[%emt 00:01:23]} Be7 {[%clk 00:50:11]} {[%emt 00:00:32]}
18. Be3 {[%clk 00:40:37]} {[%emt 00:01:10]} Qd7 {[%clk 00:48:48]} {[%emt
00:01:29]} 19. Bc5 {[%emt 00:02:38]} Rad8 {[%clk 00:48:29]} {[%emt 00:00:22]}
20. d4 {[%clk 00:36:45]} {[%emt 00:01:26]} exd4 {[%clk 00:47:48]} {[%emt
00:00:45]} 21. Bxe7 {[%clk 00:36:20]} {[%emt 00:00:30]} Rxe7 {[%clk 00:47:43]}
{[%emt 00:00:10]} 22. Re1 {[%clk 00:35:05]} {[%emt 00:01:20]} Rde8 {[%clk
00:46:53]} {[%emt 00:00:55]} 23. Qd3 {[%clk 00:33:31]} {[%emt 00:01:39]} Qd5
{[%clk 00:45:52]} {[%emt 00:01:06]} 24. f3 {[%clk 00:33:18]} {[%emt 00:00:18]}
f5 {[%clk 00:45:40]} {[%emt 00:00:18]} 0-1